Least guessed countries on Jetpunk Countries of the World Quiz - Statistics

General Stats
  • This quiz has been taken 33 times
  • The average score is 9 of 15
Answer Stats
% Answer % Correct
19 Nauru
85%
20 Palau
79%
22 Marshall Islands
76%
23 Solomon Islands
76%
20 Tuvalu
76%
22 Vanuatu
76%
19 Comoros
67%
19 Kiribati
67%
23 East Timor
64%
24 Cape Verde
61%
21 Grenada
55%
24 Equatorial Guinea
52%
22 Guinea-Bissau
36%
18 Sao Tome and Principe
36%
20 St Vincent and the Grenadines
33%
No matching quizzes found
Score Distribution
Percent of People with Each Score
Percentile by Number Answered
Your Score History
You have not taken this quiz